Jeff Lynne Produced Albums in the Top 40 - Statistics

General Stats
  • This quiz has been taken 5 times
  • The average score is 12 of 33
Answer Stats
Songs Artist Year UK US Answer % Correct
50% Olivia Newton-John and Electric Light Orchestra 1980 2 4 Xanadu
100%
100% Electric Light Orchestra 1979 1 5 Discovery
80%
100% Tom Petty 1989 8 3 Full Moon Fever
80%
100% Electric Light Orchestra 1976 6 5 A New World Record
60%
1.7% The Beatles 1995 2 1 Anthology 1
60%
2.2% The Beatles 1996 1 1 Anthology 2
60%
30% Roy Orbison 1989 2 5 Mystery Girl
60%
100% Traveling Wilburys 1988 16 3 Traveling Wilburys Vol. 1
60%
100% Traveling Wilburys 1990 14 11 Traveling Wilburys Vol. 3
60%
100% Jeff Lynne 1990 24 83 Armchair Theatre
40%
100% Electric Light Orchestra 1986 9 49 Balance of Power
40%
100% George Harrison 2002 29 18 Brainwashed
40%
100% George Harrison 1987 10 8 Cloud Nine
40%
100% Electric Light Orchestra 1973 35 62 ELO 2
40%
100% Electric Light Orchestra 1975 - 8 Face the Music
40%
57.1% Paul McCartney 1997 2 2 Flaming Pie
40%
100% Jeff Lynne 2012 7 133 Long Wave
40%
100% Electric Light Orchestra 1977 4 4 Out of the Blue
40%
100% Electric Light Orchestra 1983 4 36 Secret Messages
40%
100% Electric Light Orchestra 1971 32 196 The Electric Light Orchestra
40%
100% Electric Light Orchestra 1981 1 16 Time
40%
100% Electric Light Orchestra 2001 34 94 Zoom
40%
100% Electric Light Orchestra 1974 - 16 Eldorado
20%
100% Electric Light Orchestra 2019 1 47 From Out of Nowhere
20%
100% Tom Petty 2006 56 4 Highway Companion
20%
100% Tom Petty and the Heartbreakers 1991 3 13 Into the Great Wide Open
20%
20% Roy Orbison 1992 23 179 King of Hearts
20%
100% Electric Light Orchestra 2015 4 23 Alone in the Universe
0%
41.7% Joe Walsh 2012 53 12 Analog Man
0%
30.8% Regina Spektor 2009 30 3 Far
0%
100% Bryan Adams 2015 2 99 Get Up
0%
0%, 1 Bonus Song Take That 2014 1 - III
0%
6.7-10% Joe Cocker 1991 25 111 Night Calls
0%
No matching quizzes found
Score Distribution
Percent of People with Each Score
Percentile by Number Answered
Your Score History
You have not taken this quiz